[Event "Plovdiv Tringov Memorial"]
[Site "Plovdiv"]
[Date "2009.02.04"]
[Round "6"]
[White "Kolev, Ivan"]
[Black "Dinic, Dragan"]
[Result "0-1"]
[WhiteElo "2112"]
[BlackElo "2315"]
[PlyCount "64"]
[EventDate "2009.02.01"]
[EventType "swiss"]
[EventRounds "9"]
[EventCountry "BUL"]
[SourceTitle "CBM 128 Extra"]
[Source "ChessBase"]
[SourceDate "2009.03.05"]
[SourceVersion "2"]
[SourceVersionDate "2009.03.25"]
[SourceQuality "1"]

1. e4 e5 2. Nf3 Nc6 3. Bb5 f5 4. d3 fxe4 5. dxe4 Nf6 6. Bxc6 bxc6 7. Nxe5 Qe7 8. Nd3 Qxe4+ 9. Qe2 Qxe2+ 10. Kxe2 Ba6 11. b3 0-0-0 12. f3 d5 13. Ba3 c5 14. Kd2 Ne4+ 15. Ke3 c4 16. Nb4 Bc5+ 17. Ke2 Bxb4 18. fxe4 cxb3+ 19. Kf2 Rhf8+ 20. Kg3 b2 21. Bxb2 dxe4 22. Be5 Bc5 23. Nc3 Rf5 24. Bf4 Bd4 25. Nxe4 Bxa1 26. Rxa1 Bb7 27. Ng5 h6 28. Ne6 Rd7 29. Re1 Re7 30. Nd4 Rxe1 31. Nxf5 Re2 32. Ne3 g5 0-1

[Event "BUL-ch sf 72nd"]
[Site "Plovdiv"]
[Date "2008.02.13"]
[Round "1"]
[White "Tsvetkov, Ilia"]
[Black "Kolev, Ivan"]
[Result "1-0"]
[WhiteElo "2360"]
[BlackElo "2119"]
[PlyCount "72"]
[EventDate "2008.02.13"]
[EventType "swiss"]
[EventRounds "9"]
[EventCountry "BUL"]
[SourceTitle "EXT 2009"]
[Source "ChessBase"]
[SourceDate "2008.11.26"]
[SourceVersion "1"]
[SourceVersionDate "2008.11.26"]
[SourceQuality "1"]

1. c4 e5 2. Nc3 Nc6 3. Nf3 f5 4. d4 e4 5. Nd2 Nf6 6. e3 g6 7. Be2 Bg7 8. 0-0 d6 9. Rb1 0-0 10. b4 g5 11. b5 Ne7 12. Ba3 Rf7 13. f3 exf3 14. Nxf3 Bh6 15. Qd3 Ng6 16. Ne1 Qe7 17. Nc2 Bd7 18. Bf3 Rb8 19. Nd5 Qd8 20. c5 dxc5 21. Bxc5 g4 22. Nxf6+ Qxf6 23. Bxg4 Qe6 24. Bh3 Re8 25. Rbe1 Qxa2 26. Bxf5 Bxf5 27. Rxf5 Nh4 28. Rxf7 Qxf7 29. e4 Qf6 30. Qh3 Bg5 31. d5 Qh6 32. e5 Qg6 33. Nd4 b6 34. Bb4 Qg7 35. Ne6 Qg6 36. Qg3 h6 1-0

[Event "Plovdiv Tringov Memorial"]
[Site "Plovdiv"]
[Date "2007.02.11"]
[Round "9.18"]
[White "Todorov, Ognjan"]
[Black "Kolev, Ivan"]
[Result "1-0"]
[WhiteElo "2358"]
[BlackElo "2056"]
[PlyCount "88"]
[EventDate "2007.02.05"]
[EventType "swiss"]
[EventRounds "9"]
[EventCountry "BUL"]
[SourceTitle "CBM 116 Extra"]
[Source "ChessBase"]
[SourceDate "2007.03.07"]
[SourceVersion "1"]
[SourceVersionDate "2007.03.07"]
[SourceQuality "1"]

1. d4 d5 2. Nf3 Nf6 3. c4 e6 4. g3 Be7 5. Bg2 0-0 6. 0-0 Nbd7 7. Qc2 b6 8. cxd5 Nxd5 9. Rd1 Bb7 10. Nc3 N7f6 11. Nxd5 Bxd5 12. Bg5 Be4 13. Qa4 Qd5 14. Bf4 Bd6 15. Bxd6 cxd6 16. Rac1 a5 17. Ne1 Bxg2 18. Nxg2 b5 19. Qa3 Rfd8 20. Rc7 Ne8 21. Ne3 Qe4 22. Rcc1 h5 23. d5 h4 24. Qb3 Rab8 25. Qc3 Qa4 26. Rd4 Qxa2 27. Rxh4 b4 28. Qc2 a4 29. Qh7+ Kf8 30. dxe6 Qxe6 31. Nf5 f6 32. Qg6 Qg8 33. Nd4 a3 34. b3 Rdc8 35. Ra1 Rc7 36. Rh7 Rbc8 37. Qh5 Qf7 38. Rh8+ Ke7 39. Nf5+ Ke6 40. Qg4 Rc1+ 41. Kg2 Qb7+ 42. f3 Qa6 43. Nd4+ Kf7 44. Qe6+ Kg6 1-0